| 000 | 00720nam a22001577a 4500 | ||
|---|---|---|---|
| 003 | OSt | ||
| 005 | 20160106160159.0 | ||
| 008 | 160106b xxu||||| |||| 00| 0 eng d | ||
| 040 | _cRUA | ||
| 082 | _aLMA SRO 2011 B319 Or.1 | ||
| 100 |
_96161 _aSRONG, SOKKHUOCH. |
||
| 245 | _aUtilizing of new work analysis and spatial analysis for reducing traffic congestion in mao tse toung boulevard phnom penh, ការប្រើប្រាស់និង ដើម្បីកាត់បន្ថយភាពកកស្ទះចរាចរណ៍នៅផ្លូវម៉ៅសេទុង រាជធានីភ្នំពេញ | ||
| 260 |
_aPhnom Penh _bRUA _c2011 |
||
| 300 |
_ax; 47p. _bill. _c29cm. |
||
| 942 |
_2ddc _cLMA |
||
| 999 |
_c5737 _d5737 |
||